Fabrication and Characterization of Polymeric Membranes for Hemodialysis with CD (MS-CHE-2016) (Record no. 561069)

000 -LEADER
fixed length control field 00364nam a2200121Ia 4500
005 - DATE AND TIME OF LATEST TRANSACTION
control field 20210429153909.0
008 - FIXED-LENGTH DATA ELEMENTS--GENERAL INFORMATION
fixed length control field 210429s9999 xx 000 0 und d
082 ## - DEWEY DECIMAL CLASSIFICATION NUMBER
Classification number 661 H4121F
100 ## - MAIN ENTRY--PERSONAL NAME
Personal name Aneela Hayder
9 (RLIN) 55058
245 ## - TITLE STATEMENT
Title Fabrication and Characterization of Polymeric Membranes for Hemodialysis with CD (MS-CHE-2016)
300 ## - PHYSICAL DESCRIPTION
Extent 55p.29cm.
942 ## - ADDED ENTRY ELEMENTS (KOHA)
Source of classification or shelving scheme
Koha item type
Holdings
Withdrawn status Lost status Damaged status Not for loan Permanent Location Current Location Date acquired Total Checkouts Full call number Barcode Date last seen Price effective from Koha item type
        School of Chemical & Materials Engineering (SCME) School of Chemical & Materials Engineering (SCME) 07/16/2011   661 H4121F SCME- TH-344 04/29/2021 04/29/2021  
© 2023 Central Library, National University of Sciences and Technology. All Rights Reserved.